01349cam a22003497a 4500003000500000005001700005008004100022010001000063011001000073035001000083040000900093090001000102100003300112245018300145260004000328300002300368502008400391590003700475590004100512590004100553590004100594590004200635650003500677650003200712650003300744650002400777901000700801942001000808949003600818999001700854952012800871CHAP20220329140247.0971013s1983 r 00010 d a49385 a50357 a54507 cCHAP aTesis00aFarnum, Ralph Wilton.93978513aLa producción y uso integral del cultivo de maíz de temporal para aumentar la productividad de la tierra en las pequeñas explotaciones agrícolas del altiplano de México aChapingo, Méx. :bEl autor,c1983 a317 h.b: gráfs. aTesis (M.C. Esp. en Suelos) -- Colegio de Postgraduados. Centro de Edafología aALEPHb10c20130110lUCH01h1322 aBATCH-UPDb10c20130110lUCH01h0831 aBATCH-UPDb10c20130410lUCH01h0509 aBATCH-UPDb10c20130913lUCH01h2146 aCONVERSIONb10c20130109lUCH01h132714aAgricultura de temporal.9199914aMaíz como forraje.97110914aMaízxSubproductos.97106414aPlan Puebla.988678 aBK cTESIS bBCcTESd-120229eTS1i54507si c49385d49385 00102local4051708TESISaBCbBCcPA_TESISd2012-12-17fTESISl0oTesisp-120229r2019-12-31 00:00:00w2019-12-31yTESIS